000 00925nam a2200253 i 4500
001 bg
100 1 _aFEDYSZAK-RADZIEJOWSKA, Barbara
245 1 0 _aEtos pracy rolnika :
_bmodele społeczne a rzeczywistość /
_cBarbara Fedyszak-Radziejowska ; Polska Akademia Nauk. Instytut Rozwoju Wsi i Rolnictwa.
260 _aWarszawa :
_b[PAN],
_c1992.
300 _a135 s. ;
_c24 cm.
490 1 _aProblemy Rozwoju Wsi i Rolnictwa
504 _aBibliogr. s. 126-132. - Summ.
650 9 _aPostawy
_xsocjologia
_zPolska
_y1944-1989 r.
650 9 _aRolnictwo
_xpraca
_xsocjologia
_zPolska
_y1944-1989 r.
650 9 _aRolnictwo
_xzawód
_xetyka
_zPolska
_y1944-1989 r.
830 _aProblemy Rozwoju Wsi i Rolnictwa
020 _a8385369171
040 _cBPK
041 0 _apl
_ben
080 _a316.334.55:316.75:331.101.3:63](438)"1944/1989"
920 _a83-85369-17-1
942 _cKS
008 s pl f |000 0 pol
999 _c31008
_d31008
856 _uhttp://koha.tu.koszalin.pl/cgi-bin/koha/opac-detail.pl?biblionumber=31008
_yKatalog online BPK